000 00719nam a2200217Ii 4500
003 JO-AjNU
008 230606s9999||||xx |||||||||||||| ||und||
020 _a0-582-52863-1
040 _aJO-AjNU
_beng
_erda
_cJO-AjNU
041 _aeng
050 1 4 _aPR1272 1977
100 3 _aSIMPLIFIED AND ABRIDGED BY: BRIGTH, J.A , ILLUSTRATED BY W.B.WHITE,
_eauthor
_93659
245 0 0 _aSIX SHORT PLAYS: Longman Simplified English Series
264 3 1 _aLONDON: LONGMAN GROUP LIMITED, 1977
300 _a118P
336 _atext
_btxt
_2rdacontent
337 _aunmediated
_bn
_2rdamedia
338 _avolume
_bnc
_2rdacarrier
490 0 _a Longman Simplified English Series
650 4 _aLongman Simplified English Series
_93660
999 _aE1908
_c1908
_d1908